| 000 | 00886nam a22002651 4500 | ||
|---|---|---|---|
| 001 | 26910 | ||
| 003 | BD-RjUL | ||
| 005 | 20211209051103.0 | ||
| 008 | 140324s1963 enk b 001 0 eng | ||
| 035 | _a(BD-RjUL)26981 | ||
| 035 | _a(OCoLC)411757 | ||
| 040 |
_aDLC _cODaWU _dOCoLC _dDLC _dBD-RjUL _beng |
||
| 041 | _aeng | ||
| 082 |
_a954.7 _bAZB 1963 |
||
| 100 | 1 |
_aAziz, Khursheed Kamal. _92361 |
|
| 245 | 1 | 0 |
_aBritain and Muslim India : _ba study of British public opinion vis-a-̀€vis the development of Muslim nationalism in India, 1857-1947 / _cKhursheed Kamal Aziz. |
| 260 |
_aLondon : _bHeinemann, _cc1963. |
||
| 300 |
_aix, 278 p. ; _c23 cm. |
||
| 504 | _aBibliography: p. 255-263. and index. | ||
| 650 | 0 |
_aMuslims _zIndia. _982714 |
|
| 651 | 0 |
_aIndia _xHistory _yBritish occupation, 1765-1947. _982715 |
|
| 651 | 0 |
_aPakistan. _982716 |
|
| 942 |
_2ddc _cBK |
||
| 999 |
_c26910 _d26910 |
||